Statystyki dla Najwięcej występów w Manchesterze United

Kliknij tutaj aby rozwiązać quiz!

Ogólne statystyki

  • Ten quiz został rozwiązany 444 razy
  • Średni wynik to 7 z 18

Statystyki odpowiedzi

WystępyImię i Nazwisko% Poprawnych
559Wayne Rooney
88%
919Ryan Giggs
86%
708Paul Scholes
74%
455Rio Ferdinand
72%
597Gary Neville
46%
386David Beckham
44%
363David De Gea
43%
355Peter Schmeichel
37%
464Michael Carrick
36%
464Roy Keane
33%
379Patrice Evra
31%
378Phil Neville
22%
365Ole Gunnar Solskjaer
16%
361Wes Brown
10%
394John O'Shea
9%
383Nicky Butt
8%
440Denis Irwin
7%
361Mikael Silvestre
2%

Rozkład punktacji

Percentyl według liczby udzielonych odpowiedzi

Procent ludzi z każdym wynikiem

Twoja historia wyników

Nie rozwiązałeś tego quizu